| 000 | 00451cam a2200181ua 4500 | ||
|---|---|---|---|
| 020 | _c3.00 | ||
| 041 |
_aeng _h |
||
| 082 |
_a320.58 _bRAJ/NA |
||
| 100 | _aRajagopalachari, C . | ||
| 245 |
_aNation`s Voice / _cC.Rajagopalachari. _hTextual Documents |
||
| 260 |
_aAhmadabad : _bNavajivan publishing house , _c1958. |
||
| 300 | _a242 ; . | ||
| 365 | _a3.00 | ||
| 504 | _a | ||
| 700 | 1 | _aKumarappa, J.C . | |
| 942 | _cBK | ||
| 999 |
_c924 _d924 |
||